000
00410nam a2200169Ia 4500
008
090123s9999 xx 000 0 und d
082
_b
1817
100
_a
अरिफ
245
_a
पांचवा फुल
250
_a
0
300
_a
122
600
_a
अरिफ
630
_a
पांचवा फुल
700
_a
अरिफ
730
_a
पांचवा फुल
942
_c
BOOK
999
_c
39899
_d
39899